000 00635nam1a22002291 4500
001 RU\NLR\INFOCOMM17\ROSSICA\1000294611
005 20240725023857.0
035 _a(NLR Aleph) 009893738
090 _a10534346
_c10534346
100 _a20030721d1872 |||y0rusy50 ba
101 0 _afre
102 _aRU
105 _ay ||||000ay
200 1 _aCatalogue raisonné des Russica de la Bibliothèque Impériale Publique de Saint-Petersburg
210 _aSt.Petersburg
_d1872
215 _d
801 1 _aRU
_bInfoComm
_c20030721
801 0 _aRU
_bNLR
_gPSBO
852 _aNLR
_j30.2.6.23
942 _cBOOK
980 _aRossica